Statistics in kinesiology / (Record no. 4775)

MARC details
000 -LEADER
fixed length control field 00945pam a2200265 a 4500
001 - CONTROL NUMBER
control field 4431260
003 - CONTROL NUMBER IDENTIFIER
control field OSt
005 - DATE AND TIME OF LATEST TRANSACTION
control field 20160718181045.0
008 - FIXED-LENGTH DATA ELEMENTS--GENERAL INFORMATION
fixed length control field 940125s1995 ilua b 001 0 eng
010 ## - LIBRARY OF CONGRESS CONTROL NUMBER
LC control number 94001643
020 ## - INTERNATIONAL STANDARD BOOK NUMBER
International Standard Book Number 0873226992
040 ## - CATALOGING SOURCE
Original cataloging agency DLC
Transcribing agency DLC
Modifying agency DLC
082 ## - DEWEY DECIMAL CLASSIFICATION NUMBER
Classification number 613.7
Item number VIC 1995
100 1# - MAIN ENTRY--PERSONAL NAME
Personal name Vincent, William J.
9 (RLIN) 10277
245 10 - TITLE STATEMENT
Title Statistics in kinesiology /
Statement of responsibility, etc. William J. Vincent.
260 ## - PUBLICATION, DISTRIBUTION, ETC. (IMPRINT)
Place of publication, distribution, etc. Champaign, IL :
Name of publisher, distributor, etc. Human Kinetics,
Date of publication, distribution, etc. 1995.
300 ## - PHYSICAL DESCRIPTION
Extent xiv, 257 p. :
Other physical details ill. ;
Dimensions 23 cm.
504 ## - BIBLIOGRAPHY, ETC. NOTE
Bibliography, etc Includes bibliographical references (p. 249-250) and index.
650 #0 - SUBJECT ADDED ENTRY--TOPICAL TERM
Topical term or geographic name as entry element Kinesiology
General subdivision Statistical methods.
9 (RLIN) 10278
650 #0 - SUBJECT ADDED ENTRY--TOPICAL TERM
Topical term or geographic name as entry element Statistics.
9 (RLIN) 1274
650 #0 - SUBJECT ADDED ENTRY--TOPICAL TERM
Topical term or geographic name as entry element Kinesiology
General subdivision Research
-- Methodology.
9 (RLIN) 10279
906 ## - LOCAL DATA ELEMENT F, LDF (RLIN)
a 7
b cbc
c orignew
d 1
e ocip
f 19
g y-gencatlg
942 ## - ADDED ENTRY ELEMENTS (KOHA)
Source of classification or shelving scheme Other/Generic Classification Scheme
Koha item type Open Shelf
Holdings
Withdrawn status Lost status Source of classification or shelving scheme Damaged status Not for loan Home library Current library Date acquired Source of acquisition Inventory number Total Checkouts Full call number Barcode Date last seen Price effective from Koha item type
    Dewey Decimal Classification     MUST Main Library MUST Main Library 18/07/2016   2003/17971   613.7 VIC 1995 2016-3262 18/07/2016 18/07/2016 Open Shelf
    Dewey Decimal Classification     MUST Main Library MUST Main Library 21/09/2021 Purchase 03/17969   613.7 VIC 1995 2021-1191 21/09/2021 21/09/2021 Open Shelf
    Dewey Decimal Classification     MUST Main Library MUST Main Library 21/09/2021 Purchase 03/179672   613.7 VIC 1995 2021-1192 21/09/2021 21/09/2021 Open Shelf
    Dewey Decimal Classification     MUST Main Library MUST Main Library 29/09/2021 Purchase 03/17962   613.7VIC 1995 2021-1365 29/09/2021 29/09/2021 Open Shelf